000 00436nam a22001457a 4500
005 20251121190809.0
008 251121b |||||||| |||| 00| 0 eng d
020 _a0882660977
050 _aTH4840
_b.H37
100 _aHard, Roger
245 _aBuild Your Own Low-Cost Log Home
_cRoger Hard, illustrations by Kathryn Hard
260 _aCharlotte, Vermont
_bGarden Way Publishing
_c1977
300 _a200p.
_bill.
_c28cm
942 _2lcc
_cBK
_n0
999 _c8323
_d8323